000 00429nam a2200157Ia 4500
008 160316s1993 xxu||||| |||| 00| 0 eng d
082 _a344.046000
_bKAN
100 _aKanwalli Sadanand
245 _aQuest for justice
250 _a
260 _aDharwad
_bSamaj Parivartana Samudaya
_c1993
300 _a147
_b
_c
365 _b Rs. 50/-
650 _a1. Pro-industry stance 2. Distruction - forests 3. justice
700 _a
_a
999 _c36795
_d36795